Report of the household income & expenditure survey.

Xehetasun bibliografikoak
Erakunde egilea: Bangladesh. Parisaṃkhyāna Byuro
Formatua: Liburua
Hizkuntza:English
Argitaratua: Dhaka : Bangladesh Bureau of Statistics, Planning Division, Ministry of Planning, Govt. of the People's Republic of Bangladesh, 2007.
Gaiak:
Classic Catalogue: View this record in Classic Catalogue
LEADER 01396nam a2200289 a 4500
001 13276324
003 BD-DhAAL
008 090721s2007 bg f000 0 eng d
010 |a  2003325352 
020 |a 9845087949 
040 |a DLC  |c DLC  |d MH  |d DLC  |d MH  |d BD-DhAAL 
082 |2 22  |a 339.47549209049  
245 0 0 |a Report of the household income & expenditure survey. 
260 |a Dhaka :  |b Bangladesh Bureau of Statistics, Planning Division, Ministry of Planning, Govt. of the People's Republic of Bangladesh,  |c 2007. 
300 |a xxv. 466 pages ;  |b illustrations ;  |c 28 cm. 
310 |a Annual 
500 |a Description based on: 2005. 
526 |x Salim khan Sr. program Associate James P. Grant School. Course name and no. N/A  
541 1 |a A H Development publishing house  |e 00018455 
650 0 |a Income  |z Bangladesh  |v Surveys.  |9 1397 
650 0 |a Cost and standard of living  |z Bangladesh  |v Surveys.  |9 1398 
650 0 |a Consumers  |z Bangladesh  |v Surveys.  |9 1399 
710 1 |a Bangladesh.  |b Parisaṃkhyāna Byuro.  |9 1400 
852 4 |a School of Public Health. 
942 |2 ddc  |c BK 
999 |c 2634  |d 2634 
952 |0 0  |1 0  |2 ddc  |4 0  |6 339_475492090490000_REP  |7 0  |9 2399  |a JPGSPH  |b JPGSPH  |d 2009-04-28  |e A. H. Development Publishing House.  |g 500.00  |l 0  |o 339.47549209049 REP  |p 3060018455  |r 2009-07-21  |t 1  |w 2009-07-21  |y BK  |x Requisitioned by Salim khan, Sr. program Associate, James P. Grant School. Course name and no. N/A